European office market 2007 (Record no. 107424)

MARC details
000 -LEADER
fixed length control field 01310cai a22002415a 4500
001 - CONTROL NUMBER
control field L140113
008 - FIXED-LENGTH DATA ELEMENTS--GENERAL INFORMATION
fixed length control field 070905s2007 fr d f s 000 0 eng d
035 ## - SYSTEM CONTROL NUMBER
System control number (Sirsi) u140113
041 0# - LANGUAGE CODE
Language code of text/sound track or separate title eng
050 04 - LIBRARY OF CONGRESS CALL NUMBER
Classification number 333.33 $2 18
110 2# - MAIN ENTRY--CORPORATE NAME
Corporate name or jurisdiction name as entry element Atisreal
9 (RLIN) 5337
245 00 - TITLE STATEMENT
Title European office market 2007
Medium [electronic resource]
260 ## - PUBLICATION, DISTRIBUTION, ETC.
Place of publication, distribution, etc. [S.l]
Name of publisher, distributor, etc. Atisreal
Date of publication, distribution, etc. 2007
490 #0 - SERIES STATEMENT
Series statement Atisreal European Office Market
Volume/sequential designation 2007
505 2# - FORMATTED CONTENTS NOTE
Formatted contents note European market -- Aix/Marseille -- Barcelona -- Berlin -- Brussels -- Cologne -- Dusseldorf -- Frankfurt -- Hamburg -- Lille -- Lisbon -- London -- Luxembourg -- Lyon -- Madrid -- Manchester -- Munich -- Paris -- Thames Valley -- Comparative economic performances - Understanding our data -- Contacts
520 ## - SUMMARY, ETC.
Summary, etc. Includes pan-European office market indicators for 2006, pan-European investment market indicators and a review of the economic performance and prospects of each of the national economies. Main body of the report consists in the analysis of individual urban markets.
590 ## - LOCAL NOTE (RLIN)
Local note KA
650 24 - SUBJECT ADDED ENTRY--TOPICAL TERM
Topical term or geographic name entry element ATISREAL EUROPEAN OFFICE MARKET
651 #4 - SUBJECT ADDED ENTRY--GEOGRAPHIC NAME
Geographic name Europe
690 ## - LOCAL SUBJECT ADDED ENTRY--TOPICAL TERM (OCLC, RLIN)
Topical term or geographic name as entry element PROPERTY-COMMERCIAL PROPERTY-COMMERCIAL PROPERTY MARKET
856 40 - ELECTRONIC LOCATION AND ACCESS
Uniform Resource Identifier <a href="https://www.atisreal.com/">https://www.atisreal.com/</a>
Hours access method available View this report free of charge at www.atisreal.com (see market research section)...
942 ## - ADDED ENTRY ELEMENTS (KOHA)
Suppress in OPAC 0
Holdings
Withdrawn status Lost status Source of classification or shelving scheme Damaged status Not for loan Home library Current library Shelving location Date acquired Total Checkouts Full call number Barcode Date last seen Copy number Price effective from Koha item type
    Dewey Decimal Classification     Virtual Virtual Online 05/09/2007   ONLINE PUBLICATION 140113-1001 06/08/2019 1 06/08/2019 Book